00922nam a2200265Ia 450000500170000000800410001702000180005810000320007624500920010825000180020030000250021849000300024365000350027365000390030865000340034765000450038165000340042670000280046026400330048833600270052133700330054833800280058104000350060908400120064420220317001528.0161108s2006 sp g 000 f s  a97884819143131 aCanetti, Elíasd1905-199414aLas voces de MarrakeshcElias Canetti ; traducción y prólogo José Francisco Yvars a8a. edición a119 páginasc24 cm aNarrativa contemporánea142LEMBaNovela alemanaySiglo XX142LEMBaLiteratura alemanaySiglo XX142LEMBaViajes en la literatura142LEMBaRelatos de viajes en la literatura142LEMBaMuerte en la literatura1 aYvars, José Francisco aValenciabPre-textosc[2006] atextobtxt2rdacontent asin mediaciónbn2rdamedia avolumenbnc2rdacarrier aCO-BoRNBPbspaerdacCO-BoRNBP aN CAN37